| 000 | 00770nam a2200241 4500 | ||
|---|---|---|---|
| 003 | OSt | ||
| 005 | 20240620071206.0 | ||
| 006 | a | ||
| 008 | 240620b |||||||| |||| 00| 0 eng d | ||
| 020 | _a9780470569641 | ||
| 040 |
_aDWCL-Main lib. _cOC |
||
| 082 |
_2First edition _aCirc. 658.872 T784f 2010 |
||
| 100 | _aTreadaway, Chris | ||
| 245 | _aFacebook marketing : an hour a day / | ||
| 250 | _aFirst edition | ||
| 260 |
_aCanada : _bWiley Pub., _cc2010. |
||
| 300 |
_axx, _b291 p. : ill. ; _c23 cm. |
||
| 504 | _aIncludes bibliographical references & index. | ||
| 650 | _a1. Internet marketing. | ||
| 650 | _a2. Social networks–Computer network resources. | ||
| 650 | _a3. Facebook (Electronic resources). | ||
| 942 |
_2ddc _n0 _cBK-CIRC _eFirst edition _kCirc. |
||
| 999 |
_c999 _d999 |
||